00525nam a2200205Ia 4500003000900000008004100009020002200050040001600072080001500088100002100103245007200124250001200196260003200208300001400240650001100254650001900265650001000284650000800294700001700302IN-BaIIA211028s9999 xx 000 0 eng d a978-0-12-384656-3 cIIA Library a533.9bMCC aMcCracken, Garry 0aFusionbthe energy of the universecGarry McCracken and Peter Stott a2nd ed. aU.S.AbAcademic Pressc2013 axx, 228p. aEnergy aNuclear Fusion aStars aSun aStott, Peter